| 000 | 00750cam a22002535a 4500 | ||
|---|---|---|---|
| 001 | L151665 | ||
| 008 | 101126s2009 xxk f 001 0 eng d | ||
| 020 | _a9781405743211 | ||
| 035 | _a(Sirsi) u151665 | ||
| 041 | 0 | _aeng | |
| 050 | 0 | 4 | _a346.41043 $2 18 |
| 245 | 0 | 0 | _aButterworths property law handbook |
| 250 | _a8th ed. | ||
| 260 |
_aLondon _bLexisNexis _c2009 |
||
| 300 |
_a1778p. _c25cm. |
||
| 520 | _aUpdated to include new legislation, as well as older legislation of interest to property lawyers. | ||
| 520 | _aSupersedes seventh edition (ISBN 9781405725378). | ||
| 590 | _aKA | ||
| 651 | 4 |
_aEngland and Wales _y1543- |
|
| 690 | _aPROPERTY | ||
| 700 | 1 |
_aWicks, Joanne _eEditor |
|
| 700 | 1 |
_aDavey, Jonathan _eEditor |
|
| 942 | _n0 | ||
| 999 |
_c111525 _d111525 |
||